Europeisk Geografi Efter Bokstav - N - Statistics

General Stats
  • This quiz has been taken 10 times
  • The average score is 10 of 20
Answer Stats
Ledtråd Svar % Correct
Ett land känd för sina fjordar Norge
100%
Den italienska stavningen för den staden Napoli
78%
Land som felaktigt är kallad för Holland Nederländerna
78%
Område där det landet, Sverige,Danmark, Finland och Island är delar av Norden
78%
Svensk stad där Luftfartsverket,Sjöfartsverket och Migrationsverket finns Norrköping
67%
En av Sveriges landsdelar Norrland
67%
Skotsk sjö med en känd monster Loch Ness
56%
Stad där pizza har kommit ifrån Neapel
56%
Känd stad på den Franska rivieran Nice
56%
Luleås landskap eller län Norrbotten
56%
Mest kända katedral i Paris Notre-Dame de Paris
56%
En person från denna engelska staden heter "Geordie" Newcastle
44%
Fransk region där landstigningen på D Dagen tog plats Normandie
33%
Robin Hoods stad Nottingham
33%
Region i norra Spanien som en gång var en självständig rike Navarra
22%
En av Storbritanniens riksdelar Nordirland
22%
Havet mellan Färöarna och Svalbard Norska havet
22%
Staden där rättegångar mot Nazisternatog plats efter andra världskriget Nürnberg
22%
Andra och tredje största staden i Serbien (nämn en bara) Novi Sad / Niš
11%
Största staden på Volgafloden,förr kallad "Gorkij" Nizjnij Novgorod
0%
No matching quizzes found
Score Distribution
Percent of People with Each Score
Percentile by Number Answered
Your Score History
You have not taken this quiz